Derecho y administración municipal (Registro nro. 7690)

Detalles MARC
000 -LEADER
fixed length control field 01204 a2200217 4500
001 - CONTROL NUMBER
control field 62523
005 - DATE AND TIME OF LATEST TRANSACTION
control field 20260407155918.0
008 - FIXED-LENGTH DATA ELEMENTS--GENERAL INFORMATION
fixed length control field 260407a2007 arg spa d
003 - CONTROL NUMBER IDENTIFIER
control field AR-UNSa-BCEJYS
040 ## - CATALOGING SOURCE
Original cataloging agency AR-UNSa-BCEJYS
Language of cataloging spa
Transcribing agency AR-UNSa-BCEJYS
080 ## - UNIVERSAL DECIMAL CLASSIFICATION NUMBER
Universal Decimal Classification number 352
Common auxiliary subdivision Niveles inferiores de la administración. Gobierno local. Administración municipal. Autoridades locales<br/>
020 ## - INTERNATIONAL STANDARD BOOK NUMBER
International Standard Book Number 978-987-22930-7-9
041 ## - LANGUAGE CODE
Language code of text/sound track or separate title spa
100 1# - MAIN ENTRY--PERSONAL NAME
Personal name Calvente, Raúl D.
245 10 - TITLE STATEMENT
Title Derecho y administración municipal
264 #1 - PRODUCTION, PUBLICATION, DISTRIBUTION, MANUFACTURE, AND COPYRIGHT NOTICE
Place of production, publication, distribution, manufacture Buenos Aires :
Name of producer, publisher, distributor, manufacturer Cathedra Jurídica
Date of production, publication, distribution, manufacture, or copyright notice 2007
300 ## - PHYSICAL DESCRIPTION
Extent 616 p.
Dimensions 23 cm.
505 ## - FORMATTED CONTENTS NOTE
Formatted contents note 1. El derecho municipal – 2. Caracteres del régimen municipal – 3. La policía municipal – 4. El nuevo dialogo federal argentino – 5. Sistemas de gobierno municipal – 6. El Concejo Deliberante – 7. Departamento Ejecutivo. Intendente – 8. La Rendición de Cuentas – 9. Adquisiciones, contrataciones y transmisión de bienes – 10. La Justicia de Faltas – 11. Procedimiento administrativo municipal – 12. Estatuto del personal municipal. Ley 11.757 – 13. Ley de Apremio Tributario – 14. El fenómeno urbano.
590 ## - LOCAL NOTE (RLIN)
Local note niveau_biblio:m niveau_hierar:0
942 ## - ADDED ENTRY ELEMENTS (KOHA)
Koha item type
Existencias
Withdrawn status Lost status Damaged status Not for loan Home library Current library Shelving location Date acquired Total checkouts Full call number Barcode Date last seen Price effective from Koha item type
        Biblioteca Prof. Eusebio Cleto del Rey Biblioteca Prof. Eusebio Cleto del Rey   07/04/2026   352 C167 L117801 07/04/2026 07/04/2026 Libro